| 000 | 00708cam a2200265 4500 | ||
|---|---|---|---|
| 001 | J99113 | ||
| 008 | 090401t1999 xxu||||| |||| 00| 0 eng d | ||
| 035 | _a(Sirsi) u93866 | ||
| 041 | _aeng | ||
| 050 | _a333.3320285 | ||
| 110 |
_aProperty Valuation Forum _93589 |
||
| 245 | 2 | _aA comparative review of valuation software. | |
| 260 |
_aLondon _bProperty Valuation Forum _c1999 |
||
| 300 | _a35p. ; 30cm. | ||
| 350 | _a0 | ||
| 650 | _aCOMPUTER SOFTWARE | ||
| 650 | _aKELSIGMA PLUS | ||
| 650 | _aPRIME INVESTOR FOR WINDOWS | ||
| 650 | _aSOFTWARE PACKAGES | ||
| 650 | _aVISUAL INVESTOR | ||
| 690 | _aRATING AND VALUATION | ||
| 700 |
_aKennedy, Paul _xEditor |
||
| 942 | _n0 | ||
| 948 | _c10/06/1999 | ||
| 999 |
_c97864 _d97864 |
||